000 00599nam a2200181Ia 4500
008 151018s9999 xx 000 0 und d
082 _bRBASDV25710
_a110
100 _aके वि बेलसरे
245 _aअध्यात्म दर्शन
250 _b1
260 _bत्रिदल प्रकाशन मुंबई
_c1994
300 _a6
600 _aके वि बेलसरे
630 _aअध्यात्म दर्शन
700 _aके वि बेलसरे
730 _aअध्यात्म दर्शन
942 _cBOOK
999 _c1025322
_d1025319